| 000 | 00859cab a2200253 4500 | ||
|---|---|---|---|
| 001 | WB3515-24 | ||
| 008 | 090401t1999 xxu||||| |||| 00| 0 eng d | ||
| 035 | _a(Sirsi) u92848 | ||
| 041 | _aeng | ||
| 245 | _aStandard short-term lease | ||
| 260 | _c1999 | ||
| 350 | _a0 | ||
| 490 |
_aEstates Gazette _v(9915) 17 April 1999, 34(1) |
||
| 520 | _aThe British Property Federation has produced a standard lease which can be used for all types of property for temporary lettings or a short lease of up to three years. The lease has won backing from both landlord and tenant groups. | ||
| 650 | _aBPF | ||
| 650 | _aBUSINESS LEASES | ||
| 650 | _aSHORT-TERM LETTINGS | ||
| 650 | _aSMALL BUSINESSES | ||
| 650 | _aSTANDARD LEASES | ||
| 650 | _aTEMPORARY LETTINGS | ||
| 690 | _aLANDLORD AND TENANT-BUSINESS TENANCIES | ||
| 942 | _n0 | ||
| 948 | _c20/04/1999 | ||
| 999 |
_c58853 _d58853 |
||